Guess The Lead Actress in The Bollywood Movie #Easy# - Statistics

General Stats
  • This quiz has been taken 353 times
  • The average score is 12 of 15
Answer Stats
Name Of The Movie Lead Actress % Correct
Jab We Met Kareena Kapoor
98%
Golmaal 3 Kareena Kapoor
98%
Dilwale Dulhania Le Jayenge Kajol
96%
Padmaavat Deepika Padukone
95%
Dear Zindagi Alia Bhatt
91%
Mary Kom Priyanka Chopra
86%
Sultan Anushka Sharma
83%
Kal Ho Na Ho Preity Zinta
77%
Neerja Sonam Kapoor
76%
The Dirty Picture Vidya Balan
76%
Hum Aapke Hain Koun! Madhuri Dixit
72%
Raja Hindustani Karishma Kapoor
59%
Black Rani Mukerji
55%
Kabhi Alvida Na Kehna Rani Mukerji
55%
Ishq Juhi Chawla
52%
No matching quizzes found
Score Distribution
Percent of People with Each Score
Percentile by Number Answered
Your Score History
You have not taken this quiz